KOHA-Header-6

Asia Pacific Business Guide 1997 (Record no. 6453)

000 -LEADER
fixed length control field 00272nam a2200109Ia 4500
100 ## - MAIN ENTRY--AUTHOR NAME
Personal name Colliers Jardine
245 #0 - TITLE STATEMENT
Title Asia Pacific Business Guide 1997
260 ## - PUBLICATION, DISTRIBUTION, ETC. (IMPRINT)
Place of publication NewYork
Name of publisher Famous Books
Year of publication 1997
300 ## - PHYSICAL DESCRIPTION
Number of Pages 204
942 ## - ADDED ENTRY ELEMENTS (KOHA)
Koha item type Books
Holdings
Withdrawn status Lost status Permanent Location Current Location Date acquired Full call number Accession Number Koha item type
    MAJU MAJU 2019-09-07 910.9 584 Books

Powered by Koha